000 00482nam a2200193Ia 4500
001 14825
003 GE_BSU
008 181216s||||||||xx |||||||||||||| ||und||
040 _cGE_BSU
080 _a514.01(075.8)
100 _aАлександров,А.Д.
245 _aОснования геометрии
260 _aМосква
260 _bНаука
260 _c1987
300 _a286стр.20см.
653 _aОснования геометрии
942 _cBK
999 _c47948
_d47948